| 000 | 00478nam a2200157Ia 4500 | ||
|---|---|---|---|
| 003 | IQ-KOUCL | ||
| 041 | _aKurdish | ||
| 082 | _a796,323 cut-929 د | ||
| 100 | _a20260118u\\\\\\\\\\\y0engy0103\\\\ba | ||
| 100 | _aد.نەوزاد حوسەین دەرویش | ||
| 245 | 0 | _aیاسا فەرمییەکانى تۆپى بالە 2021- 2024 | |
| 250 | _aچ1 | ||
| 260 |
_bجابخانە ى پیرەمێرد _aالسليمانية - العراق _c2022 |
||
| 300 | _a109 | ||
| 942 | _cBk | ||
| 999 |
_c186490 _d186490 |
||